=LDR 00000nam 2200000 4500 =001 INLIS000000000027964 =005 20130612130312 =008 ***********************************Ind** =035 ##$$0010-061300000027964 =041 ##$$a Ind =082 ##$$a 372.8 =090 ##$$a 372.8, Gem b =100 ##$$a GEMMELL, Kathey =245 ##$$a Badai dan angin topan, Kathy Gemmell ; alih bahasa, Endang Naskah Alimah =260 ##$$a 2004 $b Bandung =300 ##$$a 32 hlm., 24 cm =650 ##$$a Geografi-Pendidikan dasar =700 ##$$a ALIMAH Endang Naskah =850 ##$$a NBPNMAT